[Event "Maharashtra op 3rd"]
[Site "Hadapsar"]
[Date "2025.04.22"]
[Round "4"]
[White "Velpula, Sarayu"]
[Black "Stany, George Anthony"]
[Result "1/2-1/2"]
[WhiteElo "2302"]
[BlackElo "2454"]
[PlyCount "72"]
[EventDate "2025.04.20"]
[EventType "swiss"]
[EventRounds "10"]
[EventCountry "IND"]
[SourceTitle "CB18_2025"]
[SourceDate "2025.04.30"]
[SourceVersion "1"]
[SourceVersionDate "2025.04.30"]
[SourceQuality "1"]

1. e4 g6 2. d4 Bg7 3. Nf3 d6 4. c3 Nf6 5. Bd3 0-0 6. 0-0 Nbd7 7. h3 e5 8. Re1 c6 9. a4 Re8 10. Nbd2 Qc7 11. a5 Rb8 12. Bc2 b5 13. axb6 axb6 14. dxe5 dxe5 15. Nc4 Bf8 16. Be3 b5 17. Ncd2 c5 18. Nf1 c4 19. Qc1 Nh5 20. Bh6 Nf4 21. Bxf4 exf4 22. N1h2 Bg7 23. e5 Nxe5 24. Qxf4 Nxf3+ 25. Qxf3 Be6 26. Ng4 f5 27. Ne3 Qc5 28. Rad1 Re7 29. Re2 Bf7 30. Red2 Rbe8 31. Rd8 Qc7 32. Rxe8+ Rxe8 33. g3 Qe5 34. Kg2 Bf8 35. Kf1 Bc5 36. Nd5 Kg7 1/2-1/2

[Event "Wch U20 Girls 41st"]
[Site "Petrovac"]
[Date "2025.02.27"]
[Round "3"]
[White "Mungunzul, Bat Erdene"]
[Black "Velpula, Sarayu"]
[Result "1/2-1/2"]
[WhiteElo "2268"]
[BlackElo "2315"]
[PlyCount "50"]
[EventDate "2025.02.25"]
[EventType "swiss"]
[EventRounds "11"]
[EventCountry "MNE"]
[SourceTitle "CB11_2025"]
[SourceDate "2025.03.12"]
[SourceVersion "1"]
[SourceVersionDate "2025.03.12"]
[SourceQuality "1"]

1. d4 Nf6 2. c4 e6 3. Nf3 d5 4. Bg5 Nbd7 5. Nc3 Bb4 6. Qb3 c5 7. cxd5 exd5 8. a3 Bxc3+ 9. bxc3 Qa5 10. Nd2 0-0 11. dxc5 Qxc5 12. Be3 Qe7 13. Bd4 Nc5 14. Qb1 Bg4 15. e3 Rac8 16. Bd3 Nfe4 17. Bc2 Bf5 18. Nxe4 Nxe4 19. Qb3 Qh4 20. Bxe4 Bxe4 21. 0-0 Bxg2 22. Kxg2 Qg4+ 23. Kh1 Qf3+ 24. Kg1 Qg4+ 25. Kh1 Qf3+ 1/2-1/2

[Event "IND-ch (Women) 50th"]
[Site "Karaikudi"]
[Date "2024.10.11"]
[Round "9"]
[White "Velpula, Sarayu"]
[Black "Mohota, Nisha"]
[Result "1/2-1/2"]
[WhiteElo "2370"]
[BlackElo "2140"]
[PlyCount "71"]
[EventDate "2024.10.03"]
[EventType "swiss"]
[EventRounds "11"]
[EventCountry "IND"]
[SourceTitle "CB47_2024"]
[SourceDate "2024.11.20"]
[SourceVersion "1"]
[SourceVersionDate "2024.11.20"]
[SourceQuality "1"]

1. e4 e5 2. Nf3 Nc6 3. Bb5 a6 4. Ba4 Nf6 5. 0-0 Be7 6. Re1 b5 7. Bb3 0-0 8. a4 b4 9. d4 d6 10. dxe5 Nxe5 11. Bf4 Ng6 12. Bg3 Bb7 13. Nbd2 Nd7 14. Nc4 Nc5 15. e5 Nxb3 16. cxb3 f5 17. exd6 cxd6 18. Bxd6 Bxd6 19. Qxd6 Bxf3 20. gxf3 Qxd6 21. Nxd6 Nh4 22. Re7 Rad8 23. Nc4 Nxf3+ 24. Kg2 Nh4+ 25. Kf1 f4 26. Re6 Rf6 27. Rxf6 gxf6 28. Ke2 Re8+ 29. Kd3 Nf3 30. Rh1 f5 31. Nb6 Re4 32. Rc1 Ne5+ 33. Kd2 Nf3+ 34. Kd3 Ne5+ 35. Kd2 Nf3+ 36. Kd3 1/2-1/2

[Event "IND-ch (Women) 50th"]
[Site "Karaikudi"]
[Date "2024.10.10"]
[Round "8"]
[White "Velpula, Sarayu"]
[Black "Nandhidhaa, PV."]
[Result "1/2-1/2"]
[WhiteElo "2370"]
[BlackElo "2322"]
[PlyCount "187"]
[EventDate "2024.10.03"]
[EventType "swiss"]
[EventRounds "11"]
[EventCountry "IND"]
[SourceTitle "CB47_2024"]
[SourceDate "2024.11.20"]
[SourceVersion "1"]
[SourceVersionDate "2024.11.20"]
[SourceQuality "1"]

1. e4 c5 2. Nf3 e6 3. d4 cxd4 4. Nxd4 Nc6 5. Nc3 Qc7 6. Be3 a6 7. g4 Nxd4 8. Qxd4 b5 9. 0-0-0 Bb7 10. Bg2 Rc8 11. Rd2 Nf6 12. h3 Bc5 13. Qd3 Bxe3 14. Qxe3 0-0 15. f4 b4 16. Ne2 Qa5 17. g5 Qxa2 18. Kd1 Nxe4 19. Bxe4 Bxe4 20. Qxe4 Qxb2 21. Nc1 d5 22. Qd3 Rc3 23. Qd4 Qb1 24. f5 exf5 25. h4 b3 26. Qxc3 b2 27. Ke2 bxc1Q 28. Rxc1 Qxc1 29. Rxd5 Re8+ 30. Re5 Rxe5+ 31. Qxe5 Qxc2+ 32. Kf1 Qb1+ 33. Kf2 Qb6+ 34. Kf3 g6 35. Qe8+ Kg7 36. Qe5+ Kf8 37. Qh8+ Ke7 38. Qe5+ Kd7 39. Qd5+ Kc8 40. Qc4+ Kb8 41. Qc3 Kb7 42. Qg7 Qb3+ 43. Kf2 Qc2+ 44. Kg1 Qd1+ 45. Kh2 Qe2+ 46. Kg1 Qe6 47. Qxh7 f4 48. h5 Qe1+ 49. Kg2 Qd2+ 50. Kg1 Qd1+ 51. Kf2 Qd4+ 52. Kf1 Qc4+ 53. Kf2 gxh5 54. Qxh5 Qc2+ 55. Kf1 Qc4+ 56. Kf2 a5 57. Qf3+ Ka7 58. Qa3 Qd4+ 59. Kf1 a4 60. Qe7+ Ka6 61. Qxf7 Qd3+ 62. Ke1 Qg3+ 63. Kd2 Qxg5 64. Qc4+ Ka5 65. Qc7+ Kb5 66. Qd7+ Ka5 67. Qc7+ Kb4 68. Qd6+ Kc4 69. Qc6+ Kb4 70. Qd6+ Kb5 71. Qd7+ Kc5 72. Qxa4 Qg2+ 73. Ke1 Qg3+ 74. Kf1 Qf3+ 75. Ke1 Qe3+ 76. Kf1 Qc1+ 77. Kf2 Qd2+ 78. Kf1 Qd3+ 79. Kf2 Qg3+ 80. Kf1 Qh3+ 81. Kf2 Qh2+ 82. Kf1 Qh1+ 83. Ke2 Qg2+ 84. Ke1 f3 85. Qa7+ Kd5 86. Qd7+ Ke5 87. Qe7+ Kf5 88. Qd7+ Kf4 89. Qd4+ Kg3 90. Qe5+ Kg4 91. Qg7+ Kh3 92. Qh6+ Kg3 93. Qd6+ Kh3 94. Qh6+ 1/2-1/2

[Event "IND-ch (Women) 50th"]
[Site "Karaikudi"]
[Date "2024.10.05"]
[Round "3"]
[White "Mrudul, Dehankar"]
[Black "Velpula, Sarayu"]
[Result "1/2-1/2"]
[WhiteElo "2036"]
[BlackElo "2370"]
[PlyCount "72"]
[EventDate "2024.10.03"]
[EventType "swiss"]
[EventRounds "11"]
[EventCountry "IND"]
[SourceTitle "CB47_2024"]
[SourceDate "2024.11.20"]
[SourceVersion "1"]
[SourceVersionDate "2024.11.20"]
[SourceQuality "1"]

1. e4 c5 2. Nf3 d6 3. d4 cxd4 4. Nxd4 Nf6 5. Nc3 a6 6. Bg5 e6 7. f4 Be7 8. Qf3 h6 9. Bh4 Qc7 10. 0-0-0 Nbd7 11. Be2 b5 12. Bxf6 Nxf6 13. e5 Bb7 14. Qg3 dxe5 15. fxe5 Ne4 16. Nxe6 Qxc3 17. Nxg7+ Kf8 18. Ne6+ Ke8 19. Qxc3 Nxc3 20. Nc7+ Kf8 21. bxc3 Rc8 22. Nd5 Ba3+ 23. Kb1 Bxd5 24. Rxd5 Rg8 25. Bf3 Rxc3 26. Rhd1 Rc4 27. R1d3 Rb4+ 28. Rb3 Ke7 29. Rxb4 Bxb4 30. Kb2 Ke6 31. Rd4 Be7 32. Re4 Rg5 33. Bg4+ Kd5 34. Bf3 Ke6 35. Bg4+ Kd5 36. Bf3 Ke6 1/2-1/2

[Event "Belt and Road Shaoxing 6th"]
[Site "Shaoxing"]
[Date "2024.07.30"]
[Round "7"]
[White "Velpula, Sarayu"]
[Black "Lu, Miaoyi"]
[Result "1/2-1/2"]
[WhiteElo "2384"]
[BlackElo "2449"]
[PlyCount "89"]
[EventDate "2024.07.24"]
[EventType "swiss"]
[EventRounds "9"]
[EventCountry "CHN"]
[SourceTitle "EXT 2025"]
[Source "ChessBase"]
[SourceDate "2024.10.14"]
[SourceVersion "1"]
[SourceVersionDate "2024.10.14"]
[SourceQuality "1"]

1. e4 e5 2. Nf3 Nc6 3. Bb5 Nf6 4. d3 Bc5 5. Bxc6 dxc6 6. 0-0 Qd6 7. c3 Bg4 8. Nbd2 Qe6 9. Qb3 Qxb3 10. axb3 Nd7 11. h3 Bh5 12. b4 Be7 13. g4 Bg6 14. Nc4 f6 15. Be3 a6 16. Rfd1 0-0-0 17. Ncd2 c5 18. bxc5 Nxc5 19. Bxc5 Bxc5 20. b4 Be7 21. Nc4 Bf7 22. Ne3 g6 23. Kf1 Rhe8 24. Rab1 c6 25. Ke2 Bd6 26. h4 Be6 27. Rh1 Bb8 28. c4 b5 29. h5 Ba7 30. c5 a5 31. Ra1 a4 32. hxg6 hxg6 33. Rh6 Rg8 34. g5 Bb8 35. gxf6 Rdf8 36. Ng5 Rxf6 37. Nxe6 Rxe6 38. Rg1 Kd7 39. Nf5 Bc7 40. f3 Rf6 41. Rh7+ Kd8 42. Rh6 Ke8 43. Rh7 Kd8 44. Rh6 Ke8 45. Rh7 1/2-1/2

[Event "Belt and Road Shaoxing 6th"]
[Site "Shaoxing"]
[Date "2024.07.27"]
[Round "4"]
[White "Beydullayeva, Govhar"]
[Black "Velpula, Sarayu"]
[Result "1/2-1/2"]
[WhiteElo "2412"]
[BlackElo "2384"]
[PlyCount "171"]
[EventDate "2024.07.24"]
[EventType "swiss"]
[EventRounds "9"]
[EventCountry "CHN"]
[SourceTitle "CBM 221 Extra"]
[Source "ChessBase"]
[SourceDate "2024.09.30"]
[SourceVersion "1"]
[SourceVersionDate "2024.09.30"]
[SourceQuality "1"]

1. d4 Nf6 2. c4 g6 3. Nc3 Bg7 4. e4 d6 5. h3 0-0 6. Be3 e5 7. d5 Na6 8. g4 Nc5 9. f3 a5 10. Qd2 c6 11. Nge2 a4 12. h4 cxd5 13. cxd5 h5 14. g5 Ne8 15. Nb5 Nc7 16. Nec3 Nxb5 17. Nxb5 b6 18. 0-0-0 Ba6 19. Na3 Bxf1 20. Rhxf1 Qd7 21. Kb1 b5 22. Nc2 Nb7 23. Nb4 Na5 24. Rc1 Rfc8 25. Rxc8+ Rxc8 26. Rh1 Bf8 27. Qf2 Rc4 28. Bd2 Be7 29. Nc2 Bd8 30. Qe1 Nb7 31. Na3 Rc8 32. Qe2 Ba5 33. Bxa5 Nxa5 34. Qxb5 Qxb5 35. Nxb5 Nc4 36. Rh2 Rb8 37. Nc3 Rb4 38. Re2 f6 39. gxf6 Kf7 40. Nd1 Kxf6 41. Kc2 Rb8 42. Kd3 Na5 43. Ne3 Rb4 44. Kc3 Rb8 45. Kd3 Rb4 46. Rg2 Rb8 47. Nc4 Nb7 48. Ke3 Rc8 49. Kd3 Rb8 50. Rg1 Rg8 51. b4 axb3 52. axb3 Ra8 53. b4 Ra2 54. Nd2 Ra3+ 55. Ke2 Ra2 56. Kd3 Ra3+ 57. Kc2 Ra2+ 58. Kc3 Ra3+ 59. Kb2 Re3 60. Ra1 Nd8 61. Ra7 g5 62. hxg5+ Kg6 63. Rd7 Nf7 64. b5 Rd3 65. Kc2 Ra3 66. b6 Ra8 67. Ra7 Rb8 68. Nc4 h4 69. Kd3 h3 70. Ke3 Nxg5 71. Ra2 Rf8 72. b7 Rxf3+ 73. Ke2 Rb3 74. Rb2 Rxb2+ 75. Nxb2 h2 76. b8Q h1Q 77. Qxd6+ Kh5 78. Qxe5 Qxe4+ 79. Qxe4 Nxe4 80. Kd3 Nf6 81. d6 Kg6 82. Kd4 Kf7 83. Nc4 Ke6 84. Kc5 Ne4+ 85. Kc6 Nxd6 86. Nxd6 1/2-1/2